000
00355cam a2200157ua 4500
020
_c
Rs.6/60
041
_a
eng
_h
082
_a
338.82
_b
ROB/MO
100
_a
E.A.G. Robinson, Robinson .
245
_a
Monoply
260
_a
:
_b
Cambridge university ,
_c
1959.
300
_a
298 ; .
365
_a
Rs.6/60
504
_a
999
_c
11235
_d
11235